| 000 | 01137cam a2200337 i 4500 | ||
|---|---|---|---|
| 999 |
_c7705 _d7705 |
||
| 001 | 991056251989706706 | ||
| 003 | OSt | ||
| 005 | 20230405120107.0 | ||
| 008 | 200724e202003 spca b 001 0 cat | ||
| 015 |
_aLL2020 _2bnc |
||
| 017 |
_aDL B 5242-2020 _bBiblioteca de Catalunya |
||
| 020 | _a9788498094442 | ||
| 035 | _a(ES-BaCBU).b7436201x | ||
| 035 | _a(OCoLC)1224064180 | ||
| 040 |
_aES-BaUAB _bcat _erda _cCDMR |
||
| 043 |
_ae-sp--- _be-spc-- _2catmarc |
||
| 080 |
_a323.285 _x(460.23) _x"2017" _22004 |
||
| 080 |
_a323.28:28 _x(460.23) _22004 |
||
| 080 |
_a28-184.25 _x(460.23) _22004 |
||
| 100 | 1 |
_aTeixidor i Colomer, Anna _93304 |
|
| 245 | 1 | 0 |
_aSense por de morir : _bels silencis del 17-A / _cAnna Teixidor |
| 264 | 1 |
_aBarcelona : _bEditorial Pòrtic, _c2020 |
|
| 300 |
_a440 pàgines ; _c22 cm |
||
| 650 | 7 |
_aAgost de 2017, Atemptats de l', Catalunya _2lemac |
|
| 650 | 7 |
_aTerrorisme _zCatalunya. _2lemac |
|
| 650 | 7 |
_aFonamentalisme islàmic _zCatalunya. _2lemac |
|
| 907 |
_a.b7436201x _b21-06-21 _c24-07-20 _d20-10-20 _em _fa _g- _hcat _ispc _j0 _k0 |
||
| 908 |
_aUAB _aBAB _aURL _aBC _aUB _aUOC |
||
| 940 | _aBC | ||
| 942 |
_2udc _cMON |
||